[Event "World Youth Boys U18 2014"]
[Site "Durban RSA"]
[Date "2014.09.21"]
[Round "3.1"]
[White "Vaibhav, Suri"]
[Black "Javanbakht, Nima"]
[Result "1-0"]
[WhiteTitle "GM"]
[BlackTitle "FM"]
[WhiteElo "2521"]
[BlackElo "2364"]
[WhiteFideId "5045185"]
[BlackFideId "12510670"]
[EventDate "2014.09.20"]

1. d4 d5 2. c4 e6 3. Nf3 Nf6 4. g3 dxc4 5. Qa4+ Nbd7 6. Bg2 a6 7. Nc3 Rb8 8.
Qxc4 b5 9. Qd3 Bb7 10. O-O c5 11. Bf4 Rc8 12. dxc5 Bxc5 13. Ng5 Bxg2 14. Kxg2 e5
15. Bc1 Bd4 16. Nce4 Nxe4 17. Qxe4 Nf6 18. Qf5 Qd7 19. Qxd7+ Nxd7 20. Rd1 h6 21.
Ne4 Ke7 22. e3 Bc5 23. a4 b4 24. b3 Rhd8 25. g4 g6 26. Bb2 f5 27. gxf5 gxf5 28.
Ng3 Ke6 29. e4 f4 30. Nf5 Nf6 31. Kf3 Bxf2 32. Ng7+ Kf7 33. Bxe5 Nd7 34. Bxf4
Kxg7 35. Kxf2 Nc5 36. Ke3 Re8 37. Rd4 Nxe4 38. Rxe4 Rc3+ 39. Kd4 Rd8+ 40. Ke5
Rc5+ 41. Ke6 Re8+ 42. Kd6 Rxe4 43. Bxh6+ Kxh6 44. Kxc5 a5 45. Kb6 Re5 46. Rg1
Rh5 47. h4 Rf5 48. Rg5 Rf3 49. Kxa5 Rxb3 50. Rg4 Kh5 51. Rxb4 Rf3 52. Rc4 Rb3
53. Ka6 Kg6 54. Rf4 Re3 55. a5 Re6+ 56. Kb7 Re7+ 57. Kc6 Re6+ 58. Kc7 Re7+ 59.
Kd6 Ra7 60. Ra4 1-0

[Event "World Youth Boys U18 2014"]
[Site "Durban RSA"]
[Date "2014.09.21"]
[Round "3.2"]
[White "Bortnyk, Olexandr"]
[Black "Menezes, Christoph"]
[Result "1-0"]
[WhiteTitle "IM"]
[BlackTitle "FM"]
[WhiteElo "2505"]
[BlackElo "2329"]
[WhiteFideId "14120828"]
[BlackFideId "1617001"]
[EventDate "2014.09.20"]

1. e4 c5 2. c3 d5 3. exd5 Qxd5 4. d4 g6 5. Nf3 Bg7 6. Na3 cxd4 7. Bc4 Qd8 8. Qb3
e6 9. Nb5 a6 10. Bg5 Bf6 11. Bxf6 Nxf6 12. Qa3 axb5 13. Qxa8 bxc4 14. Qxb8 dxc3
15. bxc3 Nd5 16. O-O O-O 17. Qe5 Bd7 18. Nd2 b5 19. Ne4 f6 20. Qd6 Qc7 21. Qxc7
Nxc7 22. Nc5 Bc6 23. Rfd1 Bd5 24. Nd7 Rf7 25. Nb6 Rf8 26. a4 1-0

[Event "World Youth Boys U18 2014"]
[Site "Durban RSA"]
[Date "2014.09.21"]
[Round "3.3"]
[White "Vignesh, NR"]
[Black "Henriquez Villagra, Cristobal"]
[Result "1/2-1/2"]
[BlackTitle "IM"]
[WhiteElo "2360"]
[BlackElo "2466"]
[WhiteFideId "25012215"]
[BlackFideId "3409350"]
[EventDate "2014.09.20"]

1. d4 Nf6 2. c4 e6 3. g3 Bb4+ 4. Bd2 Qe7 5. Nf3 Nc6 6. Bg2 Bxd2+ 7. Nbxd2 d6 8.
O-O a5 9. e4 e5 10. d5 Nb8 11. Ne1 O-O 12. Nd3 Bg4 13. f3 Bd7 14. b3 Na6 15. a3
c6 16. Qe2 cxd5 17. cxd5 Bb5 18. a4 Bxd3 19. Qxd3 Nb4 20. Qc3 Rfc8 21. Nc4 Rc5
22. Qd2 Qc7 23. Rfc1 Nd7 24. Bh3 Nf6 25. Ne3 Na6 26. Nc4 h6 27. Kg2 Re8 28. Na3
b6 29. Nb5 Qe7 30. Rc3 Ra8 31. Rac1 Rxc3 32. Qxc3 Nc5 33. Qc4 h5 34. Rc3 h4 35.
Qe2 hxg3 36. hxg3 g6 37. Qe3 Kg7 38. Rc1 Rh8 39. Rh1 Qd8 40. Kg1 Nh5 41. Kg2 Nf6
42. Kg1 Rh5 43. Bf1 Rxh1+ 44. Kxh1 Nh5 45. Kg2 f5 46. exf5 gxf5 47. Nc7 Kg6 48.
Ne6 Qf6 49. Nxc5 bxc5 50. f4 e4 51. g4 fxg4 52. Qxe4+ Kh6 53. f5 Kg5 54. Qe3+
Nf4+ 55. Kg3 Qxf5 56. Qe7+ Kh5 57. Qxd6 Nxd5 58. Qxc5 Qf3+ 59. Kh2 Kh4 60. Bg2
Qf4+ 61. Kg1 Ne3 62. Qxa5 Nxg2 63. Kxg2 Qf3+ 64. Kg1 Qg3+ 65. Kh1 Qf3+ 66. Kg1
Qg3+ 1/2-1/2

[Event "World Youth Boys U18 2014"]
[Site "Durban RSA"]
[Date "2014.09.21"]
[Round "3.4"]
[White "Das, Sayantan"]
[Black "Bida, Mihai-Eugen"]
[Result "1/2-1/2"]
[WhiteTitle "IM"]
[WhiteElo "2456"]
[BlackElo "2323"]
[WhiteFideId "5034426"]
[BlackFideId "1200062"]
[EventDate "2014.09.20"]

1. e4 e5 2. Nf3 Nc6 3. Bb5 a6 4. Ba4 Nf6 5. O-O Be7 6. Re1 b5 7. Bb3 d6 8. c3
O-O 9. h3 Na5 10. Bc2 c5 11. d4 Nd7 12. Nbd2 exd4 13. cxd4 Nc6 14. Nf1 cxd4 15.
Nxd4 Nxd4 16. Qxd4 Ne5 17. Qd1 Bf6 18. Ne3 Nc4 19. Rb1 Nxe3 20. Bxe3 Be6 21. Bb3
Qe7 22. Bd5 Rac8 23. Re2 Rfe8 24. Rc1 Rxc1 25. Bxc1 Bxd5 26. Qxd5 Rc8 27. Be3 h6
28. b3 Qe5 29. Qb7 Qa1+ 30. Kh2 Rc3 31. Qxa6 Qf1 32. Qxb5 Be5+ 33. g3 Bxg3+ 34.
Kxg3 Qg1+ 35. Kf3 Qh1+ 36. Kg3 Qg1+ 37. Kf3 1/2-1/2

[Event "World Youth Boys U18 2014"]
[Site "Durban RSA"]
[Date "2014.09.21"]
[Round "3.5"]
[White "Machan, Jan"]
[Black "Zenzera, Alexey"]
[Result "1/2-1/2"]
[BlackTitle "IM"]
[WhiteElo "2248"]
[BlackElo "2439"]
[WhiteFideId "334774"]
[BlackFideId "4102665"]
[EventDate "2014.09.20"]

1. Nf3 Nf6 2. d4 e6 3. g3 d5 4. Bg2 Be7 5. O-O b5 6. Nbd2 O-O 7. Ne5 c5 8. dxc5
Bxc5 9. Nd3 Be7 10. e4 Nc6 11. exd5 Nxd5 12. Nf4 b4 13. Nxd5 exd5 14. Nb3 Be6
15. Be3 Ne5 16. Bd4 Bf6 17. a3 bxa3 18. Rxa3 Bg4 19. f3 Be6 20. Rxa7 Rxa7 21.
Bxa7 Nc4 22. Bd4 Nxb2 23. Bxf6 Qxf6 24. Qd4 Rc8 25. Qxf6 gxf6 26. Rf2 Nd1 27.
Rd2 Ne3 28. Nd4 Nf5 29. Nxf5 Bxf5 30. Rxd5 Bxc2 31. Rd2 1/2-1/2

[Event "World Youth Boys U18 2014"]
[Site "Durban RSA"]
[Date "2014.09.21"]
[Round "3.7"]
[White "Bluebaum, Matthias"]
[Black "Eltigani, Omar"]
[Result "1-0"]
[WhiteTitle "IM"]
[BlackTitle "IM"]
[WhiteElo "2521"]
[BlackElo "2261"]
[WhiteFideId "24651516"]
[BlackFideId "738794"]
[EventDate "2014.09.20"]

1. d4 d5 2. c4 c6 3. Nc3 Nf6 4. e3 e6 5. Nf3 Nbd7 6. Bd3 dxc4 7. Bxc4 b5 8. Bd3
Bb7 9. O-O a6 10. e4 c5 11. d5 c4 12. Bc2 Qc7 13. dxe6 fxe6 14. Ne2 Bd6 15. Ned4
Nf8 16. Qe2 O-O-O 17. a4 Bxh2+ 18. Nxh2 Rxd4 19. axb5 axb5 20. Be3 Rd8 21. b3
Ng6 22. Rfc1 Nf4 23. Qf1 Nxe4 24. Bxe4 Bxe4 25. bxc4 b4 26. Bxf4 Qxf4 27. Qe1 b3
28. g3 Qf5 29. Ra5 e5 30. Rc5+ Kb8 31. Qa5 Qd7 32. Rb5+ Bb7 33. Rxb3 Qc6 34. Nf3
Rhf8 35. Ra1 g5 36. Rb6 Qxf3 37. Qxe5+ Kc8 38. Ra8+ Bxa8 39. Qb8+ Kd7 40. Qd6+ 1-0

[Event "World Youth Boys U18 2014"]
[Site "Durban RSA"]
[Date "2014.09.21"]
[Round "3.8"]
[White "Serikbay, Chingiz"]
[Black "Harutyunian, Tigran K."]
[Result "0-1"]
[BlackTitle "IM"]
[WhiteElo "2173"]
[BlackElo "2439"]
[WhiteFideId "13707604"]
[BlackFideId "13303635"]
[EventDate "2014.09.20"]

1. e4 c5 2. Nf3 e6 3. d4 cxd4 4. Nxd4 Nc6 5. g3 Qc7 6. Nc3 a6 7. Bg2 d6 8. O-O
Bd7 9. Be3 Be7 10. f4 Nf6 11. Nb3 h5 12. h3 Rc8 13. Na4 Na5 14. Nb6 Nc4 15. Nxc8
Nxe3 16. Qf3 Nxf1 17. Nxe7 Nxg3 18. Qxg3 Kxe7 19. e5 Ne8 20. Nd4 h4 21. Qa3 Qc5
22. exd6+ Qxd6 23. Bxb7 Qxa3 24. bxa3 a5 25. Rb1 Nd6 26. Ba6 Rh5 27. Bd3 Rd5 28.
Nf3 Bb5 29. Ne5 Bxd3 30. Nxd3 Rd4 31. Rb2 f6 32. Kg2 Ra4 33. Kf3 Kf7 34. Rb3 Rc4
35. Rb2 Nf5 36. Ke2 Rc3 37. Kd2 Rxa3 38. c4 Nd6 39. Rc2 Ne4+ 40. Ke2 Nc3+ 41.
Kd2 Nxa2 42. Rb2 Nb4 43. Nxb4 axb4 44. Rxb4 Rxh3 45. c5 Rh2+ 46. Kd3 Rh1 47. Rc4
h3 48. Rc2 Ke7 49. c6 Kd8 50. Re2 Kc7 0-1

[Event "World Youth Boys U18 2014"]
[Site "Durban RSA"]
[Date "2014.09.21"]
[Round "3.9"]
[White "Csonka, Balazs"]
[Black "Kenenbaev, Aidar"]
[Result "1-0"]
[WhiteTitle "FM"]
[WhiteElo "2412"]
[BlackElo "1739"]
[WhiteFideId "742910"]
[BlackFideId "13801180"]
[EventDate "2014.09.20"]

1. d4 Nf6 2. c4 g6 3. Nc3 Bg7 4. e4 d6 5. Nf3 O-O 6. Be2 e5 7. O-O Nc6 8. d5 Ne7
9. b4 Nh5 10. g3 f5 11. Ng5 Nf6 12. Bf3 h6 13. Ne6 Bxe6 14. dxe6 c6 15. b5 fxe4
16. Nxe4 Nxe4 17. Bxe4 d5 18. cxd5 cxd5 19. Ba3 dxe4 20. Qxd8 Rfxd8 21. Bxe7 Re8
22. Bb4 Rxe6 23. Rfe1 a6 24. bxa6 Rexa6 25. a3 Bf8 26. Rxe4 Bxb4 27. Rxb4 Rxa3
28. Rxa3 Rxa3 29. Rxb7 Rf3 30. Kg2 Rf7 31. Rb6 Kg7 32. Re6 Rf5 33. g4 Rf4 34. f3
Ra4 35. Rxe5 Ra2+ 36. Kg3 Kf6 37. Rb5 g5 38. h4 Rc2 39. Rb6+ Kg7 40. Rb7+ Kf6
41. h5 Rc6 42. Kf2 Re6 43. Ra7 Ke5 44. Ke3 Kf6+ 45. Kd4 Rd6+ 46. Ke4 Re6+ 47.
Kd5 Re3 48. Rh7 Rxf3 49. Rxh6+ Kf7 50. Rh7+ Kf6 51. Rh6+ Kf7 52. Rc6 Ra3 53. Rc5
Kf6 54. Rc6+ Kf7 55. Rc4 Kf6 56. Rb4 Ra6 57. Rd4 Ra5+ 58. Kd6 Ra6+ 59. Kd7 Ra7+
60. Ke8 Ke5 61. Rb4 Ke6 62. Kf8 Kf6 63. Kg8 Ke5 64. h6 Kf6 65. Rb6+ Ke5 66. h7
Ra8+ 67. Kg7 Kf4 68. Rb4+ 1-0

[Event "World Youth Boys U18 2014"]
[Site "Durban RSA"]
[Date "2014.09.21"]
[Round "3.10"]
[White "Torosyan, Norayr"]
[Black "Akhmetov, Ayan"]
[Result "1/2-1/2"]
[BlackTitle "IM"]
[WhiteElo "2321"]
[BlackElo "2350"]
[WhiteFideId "13300431"]
[BlackFideId "13703706"]
[EventDate "2014.09.20"]

1. e4 e6 2. d4 d5 3. Nd2 Nc6 4. Ngf3 Nf6 5. e5 Nd7 6. Be2 Be7 7. O-O f6 8. exf6
Bxf6 9. c3 O-O 10. Re1 e5 11. Qb3 Nb6 12. dxe5 Nxe5 13. Nxe5 Bxe5 14. Nf3 Bd6
15. Be3 Kh8 16. Rad1 Be6 17. Qc2 Bg8 18. h3 Qf6 19. Bd4 Qh6 20. Be3 Qf6 21. Bd4
Qd8 22. Be5 Bxe5 23. Nxe5 Qd6 24. Bd3 Rae8 25. Nf3 Nd7 26. Rxe8 Rxe8 27. c4 Nf6
28. c5 Qf4 29. Qd2 Qa4 30. b3 Qc6 31. Qb4 Rb8 32. Nd4 Qe8 33. Qa5 Qd8 34. Qxa7
Nd7 35. c6 bxc6 36. Nxc6 Ra8 37. Qb7 Qf8 38. Bb1 Nc5 39. Qxc7 Ne4 40. Bxe4 dxe4
41. Rd8 Rxd8 42. Nxd8 h6 43. Nb7 Qa3 44. Qc2 e3 45. fxe3 Qe7 46. Nc5 Qxe3+ 47.
Qf2 Qc3 48. Ne4 Qa1+ 49. Kh2 Qe5+ 50. Ng3 Qa1 51. Qd2 Qb1 52. Qd4 Bf7 53. Qe5
Bg6 54. Qb8+ Kh7 55. a4 Bf7 56. a5 Bxb3 57. Qe5 Bc2 58. a6 Qb6 59. Nh5 Qa7 60.
Qb5 Be4 61. Ng3 Qc7 62. a7 Ba8 63. Qf5+ Kg8 64. Qf2 Kh7 65. Qf5+ Kg8 66. Qe6+
Kh7 67. Qf5+ Kg8 68. Qf2 Kh7 69. Kg1 Qc1+ 70. Nf1 Qc7 71. Qd4 Qc6 72. Ne3 Qc1+
73. Kf2 Qc7 74. Ke2 Qb7 75. Kd2 Qf7 76. Qd3+ g6 77. Qd4 Qa2+ 78. Ke1 Qb1+ 79.
Kf2 Qb7 80. Ke2 h5 81. Kd2 Qc6 82. g4 hxg4 83. hxg4 Qc7 84. Kd3 Qc6 85. Nc4 Qf3+
86. Kd2 Qg2+ 87. Kc3 Qf3+ 88. Kb4 Qb7+ 89. Kc3 Qf3+ 90. Ne3 Kh6 91. Qh8+ Kg5 92.
Qe5+ Kh4 93. Qh2+ Kg5 94. Qe5+ Kh4 95. Kd3 Qc6 96. Qd4 Qb5+ 97. Kc2 Qe2+ 98. Kb3
Qb5+ 99. Kc3 Qa5+ 100. Kb2 Qb5+ 101. Kc1 Qc6+ 102. Kd2 Kg5 103. Qd8+ Kf4 104.
Qd4+ 1/2-1/2

[Event "World Youth Boys U18 2014"]
[Site "Durban RSA"]
[Date "2014.09.21"]
[Round "3.11"]
[White "Shetty, Atulya"]
[Black "Yurtseven, Melih"]
[Result "1/2-1/2"]
[WhiteTitle "FM"]
[WhiteElo "2328"]
[BlackElo "2208"]
[WhiteFideId "2031213"]
[BlackFideId "6312160"]
[EventDate "2014.09.20"]

1. c4 Nf6 2. g3 g6 3. Bg2 Bg7 4. Nc3 O-O 5. Nf3 c5 6. O-O Nc6 7. d4 cxd4 8. Nxd4
Nxd4 9. Qxd4 d6 10. Qd3 Bf5 11. e4 Be6 12. Bd2 a6 13. b3 Rb8 14. Rac1 Qd7 15.
Rfd1 Rfc8 16. a4 Qd8 17. Nd5 Bxd5 18. exd5 Nd7 19. Bh3 Bf6 20. a5 Rc7 21. b4 b5
22. axb6 Nxb6 23. c5 Na4 24. Qxa6 Ra8 25. Qf1 dxc5 26. Bf4 Nc3 27. Bxc7 Qxc7 28.
bxc5 Qxc5 29. Rc2 Ra3 30. Bg2 h5 31. Re1 Qd4 32. Bf3 h4 33. Qh3 Qd3 34. Rxc3
Rxc3 35. Be4 Qd2 36. Qf1 Kg7 37. Qe2 Qg5 38. Rd1 Be5 39. Bg2 Qf6 40. Rd3 hxg3
41. hxg3 Rc1+ 42. Rd1 Rc8 43. Qf3 Qd6 44. Qe2 Rb8 45. Bf3 Rb2 46. Rd2 Rb3 47.
Rd3 Rb8 48. Rd1 Rb2 49. Rd2 1/2-1/2

[Event "World Youth Boys U18 2014"]
[Site "Durban RSA"]
[Date "2014.09.21"]
[Round "3.12"]
[White "De Strycker, Nathan"]
[Black "Wagner, Dennis"]
[Result "0-1"]
[BlackTitle "IM"]
[WhiteElo "2133"]
[BlackElo "2499"]
[WhiteFideId "226343"]
[BlackFideId "24650684"]
[EventDate "2014.09.20"]

1. d4 Nf6 2. c4 g6 3. Nc3 d5 4. e3 Bg7 5. cxd5 Nxd5 6. Nxd5 Qxd5 7. Ne2 O-O 8.
Nc3 Qd6 9. Be2 c6 10. O-O Rd8 11. Ne4 Qc7 12. f4 Nd7 13. Qc2 Nf6 14. Ng3 Bg4 15.
Bc4 c5 16. Bd2 Rac8 17. Qb3 e6 18. Rac1 Qe7 19. h3 Bf5 20. Bc3 Ne4 21. Nxe4 Bxe4
22. dxc5 Bxc3 23. Rxc3 Rd2 24. Rf2 Rxf2 25. Kxf2 Qh4+ 26. Kg1 Rd8 27. Bd3 Qe1+
28. Kh2 Qxe3 29. Bxe4 Qxf4+ 30. Rg3 Qxe4 31. Qc3 Qf4 32. b4 h5 33. Qe3 Qc7 34.
h4 Rd1 35. Qf3 Rd4 36. Kh3 Rxb4 37. Rg5 Rb1 38. Qxh5 Rb2 39. Kg4 e5 40. Qh6 Qd7+ 0-1

[Event "World Youth Boys U18 2014"]
[Site "Durban RSA"]
[Date "2014.09.21"]
[Round "3.13"]
[White "Alekseenko, Kirill"]
[Black "Nielsen, Viktor"]
[Result "1-0"]
[WhiteTitle "FM"]
[WhiteElo "2483"]
[BlackElo "2052"]
[WhiteFideId "4135539"]
[BlackFideId "1444492"]
[EventDate "2014.09.20"]

1. e4 e5 2. Nf3 Nc6 3. Bb5 Nf6 4. d3 Bc5 5. Bxc6 dxc6 6. O-O Nd7 7. Nbd2 O-O 8.
Nc4 Re8 9. Bd2 Bd6 10. Bc3 c5 11. a4 b6 12. g3 f6 13. Nh4 Nf8 14. f4 exf4 15.
gxf4 f5 16. Nxf5 Bxf5 17. exf5 Be7 18. Qf3 Bf6 19. Ne5 Qd6 20. Rae1 Rad8 21. Re4
a5 22. Rfe1 Nd7 23. Nc4 Qf8 24. Rxe8 Rxe8 25. Qd5+ Kh8 26. Qxd7 Bd4+ 27. Kf1
Rxe1+ 28. Kxe1 Qa8 29. Bxd4 cxd4 30. Kf2 1-0

[Event "World Youth Boys U18 2014"]
[Site "Durban RSA"]
[Date "2014.09.21"]
[Round "3.14"]
[White "Di Giannantonio, Nino"]
[Black "Studer, Noel"]
[Result "0-1"]
[WhiteTitle "FM"]
[BlackTitle "FM"]
[WhiteElo "2128"]
[BlackElo "2404"]
[WhiteFideId "119261"]
[BlackFideId "1319620"]
[EventDate "2014.09.20"]

1. e4 a6 2. d4 e6 3. Nf3 d5 4. Nbd2 Nf6 5. e5 Nfd7 6. Bd3 c5 7. c3 Nc6 8. a3 Qb6
9. O-O Be7 10. Re1 a5 11. g4 h5 12. h3 hxg4 13. hxg4 cxd4 14. cxd4 Nxd4 15. b4
Nc6 16. Nb3 f6 17. exf6 Nxf6 18. Bg6+ Kf8 19. Bb2 Rh6 20. Bh5 Nxh5 21. gxh5 Bf6
22. Bxf6 Rxf6 23. Nc5 Qc7 24. Nd3 Rf5 25. Rc1 Qd6 26. Qd2 Qd7 27. Nfe5 Nxe5 28.
Nxe5 Qb5 29. Ng6+ Kf7 30. Rc7+ Kf6 31. Qc2 0-1

[Event "World Youth Boys U18 2014"]
[Site "Durban RSA"]
[Date "2014.09.21"]
[Round "3.15"]
[White "Salomon, Johan"]
[Black "Kjoita, Henning"]
[Result "1-0"]
[WhiteElo "2362"]
[BlackElo "2010"]
[WhiteFideId "1509500"]
[BlackFideId "1509861"]
[EventDate "2014.09.20"]

1. d4 Nf6 2. c4 c5 3. Nf3 cxd4 4. Nxd4 d5 5. cxd5 Nxd5 6. e4 Nf6 7. Bb5+ Bd7 8.
Bxd7+ Nbxd7 9. Nc3 e6 10. O-O Bc5 11. Nb3 Be7 12. Qe2 Bb4 13. e5 Bxc3 14. bxc3
Nd5 15. c4 N5b6 16. Ba3 Qc7 17. Bd6 Qxc4 18. Qd2 Qg4 19. Rac1 h5 20. Nd4 a6 21.
f3 Qg6 22. Rc7 h4 23. Re1 Rh5 24. f4 Qg4 25. Rxb7 g5 26. f5 Nc4 27. Qd3 Nxd6 28.
exd6 Nc5 29. Re7+ Kf8 30. Qc3 h3 31. g3 Rh4 32. Nxe6+ Nxe6 33. fxe6 Qd4+ 34.
Qxd4 Rxd4 35. Rxf7+ Kg8 36. d7 Rb8 37. Rf2 Kg7 38. e7 Rxd7 39. e8=Q Rxe8 40.
Rxe8 1-0

[Event "World Youth Boys U18 2014"]
[Site "Durban RSA"]
[Date "2014.09.21"]
[Round "3.16"]
[White "Bratkovic, Sham"]
[Black "Nasuta, Grzegorz"]
[Result "1/2-1/2"]
[BlackTitle "FM"]
[WhiteElo "2093"]
[BlackElo "2361"]
[WhiteFideId "14608715"]
[BlackFideId "1141686"]
[EventDate "2014.09.20"]

1. e4 c5 2. Nf3 d6 3. d4 cxd4 4. Nxd4 Nf6 5. Nc3 a6 6. g3 e6 7. Bg2 Be7 8. O-O
Qc7 9. Be3 Nc6 10. Nxc6 bxc6 11. Na4 Rb8 12. c4 c5 13. b3 O-O 14. Qe2 Bd7 15.
Nc3 Bc6 16. Rad1 Rfd8 17. f4 Nd7 18. Rd3 Bf6 19. Rfd1 Qb7 20. Bf2 Bxc3 21. Rxc3
Nf6 22. Re1 a5 23. Bf3 a4 24. e5 Bxf3 25. Qxf3 Qxf3 26. Rxf3 Ng4 27. exd6 Nxf2
28. Kxf2 Rxd6 29. Re5 f6 30. Re2 Kf7 31. Ke1 Rbd8 32. bxa4 Ra8 33. Ra3 Rda6 1/2-1/2

[Event "World Youth Boys U18 2014"]
[Site "Durban RSA"]
[Date "2014.09.21"]
[Round "3.17"]
[White "Rindlisbacher, Lars"]
[Black "De Abreu, Roberto N"]
[Result "1/2-1/2"]
[WhiteTitle "FM"]
[BlackTitle "FM"]
[WhiteElo "2336"]
[BlackElo "2009"]
[WhiteFideId "1304178"]
[BlackFideId "14307472"]
[EventDate "2014.09.20"]

1. e4 e6 2. d4 d5 3. Nd2 Nf6 4. e5 Nfd7 5. c3 c5 6. Bd3 Nc6 7. Ne2 cxd4 8. cxd4
f6 9. exf6 Nxf6 10. Nf3 Bd6 11. O-O O-O 12. Bg5 Bd7 13. Bh4 Be8 14. Bb5 Bh5 15.
Bxc6 bxc6 16. Ne5 Qc7 17. f4 Bxe5 18. dxe5 Ne4 19. Qc2 Qb6+ 20. Kh1 Bxe2 21.
Qxe2 Rab8 22. b3 Rf7 23. g4 Qd4 24. Rac1 c5 25. Bf2 Nxf2+ 26. Qxf2 Qe4+ 27. Qf3
Rxf4 28. Qxe4 Rxf1+ 29. Rxf1 dxe4 30. Rc1 e3 31. Kg2 Rf8 32. Kg3 h5 33. Re1 Rf2
34. a4 hxg4 35. Rxe3 Rc2 36. Kxg4 c4 37. Kf3 cxb3 38. Rxb3 Rxh2 39. Rb8+ Kh7 40.
Re8 Ra2 41. Rxe6 Rxa4 42. Re8 g5 43. Rf8 Kg7 44. Rf5 Kg6 45. Rf6+ Kg7 46. Rf5 1/2-1/2

[Event "World Youth Boys U18 2014"]
[Site "Durban RSA"]
[Date "2014.09.21"]
[Round "3.19"]
[White "Visakh, NR"]
[Black "Holleland, Sigve"]
[Result "1-0"]
[WhiteElo "2300"]
[BlackElo "2001"]
[WhiteFideId "25012223"]
[BlackFideId "1513672"]
[EventDate "2014.09.20"]

1. e4 e5 2. Nf3 Nc6 3. Bb5 a6 4. Bc4 Nf6 5. O-O b5 6. Bb3 Be7 7. d3 O-O 8. a4
Rb8 9. axb5 axb5 10. Nc3 d6 11. Nd5 Nxd5 12. Bxd5 Nb4 13. Bb3 Kh8 14. c3 Na6 15.
d4 exd4 16. Nxd4 Bb7 17. Bd5 Nc5 18. Bxb7 Rxb7 19. Nc6 Qd7 20. Qd5 Rb6 21. Nxe7
Qxe7 22. Be3 Rbb8 23. e5 Nb7 24. Ba7 c6 25. Qxc6 Rbc8 26. Qxb5 dxe5 27. Rad1
Rcd8 28. Bb6 Rd6 29. Rxd6 Nxd6 30. Qd5 Ne8 31. Ra1 Nf6 32. Qa5 Qb7 33. Rd1 1-0

[Event "World Youth Boys U18 2014"]
[Site "Durban RSA"]
[Date "2014.09.21"]
[Round "3.20"]
[White "Nilsen, Martin"]
[Black "Ivekovic, Bozidar2"]
[Result "0-1"]
[WhiteElo "2003"]
[BlackElo "2299"]
[WhiteFideId "1510657"]
[BlackFideId "14518848"]
[EventDate "2014.09.20"]

1. e4 c5 2. Nc3 Nc6 3. f4 g6 4. Nf3 Bg7 5. Bc4 e6 6. f5 Nge7 7. fxe6 dxe6 8. d3
O-O 9. O-O Nd4 10. Nxd4 cxd4 11. Ne2 Nc6 12. Nf4 Ne5 13. Bb3 a5 14. a4 Qb6 15.
Nh3 Bd7 16. Bg5 Rac8 17. Bf6 Bxf6 18. Rxf6 Kg7 19. Rf4 h5 20. Rf1 Ng4 21. Nf4
Ne3 22. Qd2 f6 23. Rf3 e5 24. Nd5 Nxd5 25. Bxd5 Qxb2 26. Ra2 Qb6 27. Qc1 Qc7 28.
Rg3 b6 29. Qa3 Qc3 30. Qc1 Rb8 0-1

[Event "World Youth Boys U18 2014"]
[Site "Durban RSA"]
[Date "2014.09.21"]
[Round "3.21"]
[White "Malka, Samuel"]
[Black "Dukic, Zachary"]
[Result "1-0"]
[WhiteElo "2298"]
[BlackElo "1937"]
[WhiteFideId "20643675"]
[BlackFideId "2617188"]
[EventDate "2014.09.20"]

1. d4 Nf6 2. c4 g6 3. Nc3 Bg7 4. e4 d6 5. Nf3 O-O 6. Be2 e5 7. O-O Nc6 8. d5 Ne7
9. b4 Nh5 10. Re1 f5 11. Ng5 Nf6 12. Bf3 f4 13. c5 Bh6 14. Ne6 Bxe6 15. dxe6 Nc6
16. cxd6 cxd6 17. Nd5 Nxd5 18. Qxd5 Qe7 19. Rd1 Nd4 20. Bb2 Bg7 21. Rac1 Rac8
22. Bxd4 exd4 23. Be2 Be5 24. f3 Rc3 25. Bc4 Rc8 26. Rxc3 dxc3 27. Rc1 Kg7 28.
Bb3 h5 29. Qb5 Rc7 30. Qa5 b6 31. Qd5 g5 32. Qd1 Qf6 33. h3 Bd4+ 34. Kh1 Qe5 35.
Qd3 Be3 36. Rc2 Kf6 37. g3 Bd2 38. g4 hxg4 39. fxg4 Rh7 40. Kg2 Kg6 41. Ba4 Kf6
42. Bd7 Ke7 43. Ba4 Rh8 44. Qd5 f3+ 45. Kf1 Qxd5 46. exd5 Rxh3 47. Kf2 Kf6 48.
Bb5 Rh1 49. Kxf3 Re1 50. Be2 Rb1 51. b5 Rb4 52. Kg2 Re4 53. Bf3 Rb4 54. Be2 Re4
55. Bf3 Re3 56. Kf2 Ke5 57. Rxd2 1-0

[Event "World Youth Boys U18 2014"]
[Site "Durban RSA"]
[Date "2014.09.21"]
[Round "3.22"]
[White "Olund, Joar"]
[Black "Machlik, Jon"]
[Result "1-0"]
[WhiteElo "2280"]
[BlackElo "1859"]
[WhiteFideId "1714848"]
[BlackFideId "1513613"]
[EventDate "2014.09.20"]

1. Nf3 d5 2. d4 c6 3. c4 e6 4. Nc3 f5 5. Bf4 Nf6 6. e3 Bd6 7. Bxd6 Qxd6 8. c5
Qc7 9. Ne5 O-O 10. Be2 Nbd7 11. Nxd7 Bxd7 12. f4 b6 13. b4 bxc5 14. bxc5 Rab8
15. Qd2 Qa5 16. O-O Bc8 17. Rfd1 Qa3 18. Qc1 Qa5 19. Qd2 Qa3 20. Qd3 Ba6 21.
Qxa6 Qxc3 22. Bd3 Ng4 23. Qxc6 Qb2 24. Rf1 Rbe8 25. Rae1 Qd2 26. Qa6 Nxe3 27.
Re2 Nxf1 28. Rxd2 Nxd2 29. Qxa7 Ne4 30. a4 Ra8 31. Qd7 Rxa4 32. Qxa4 1-0

[Event "World Youth Boys U18 2014"]
[Site "Durban RSA"]
[Date "2014.09.21"]
[Round "3.23"]
[White "Nyamdorj, Davaaochir"]
[Black "Flermoen, Peter"]
[Result "0-1"]
[BlackTitle "CM"]
[WhiteElo "1804"]
[BlackElo "2226"]
[WhiteFideId "2621843"]
[BlackFideId "1507303"]
[EventDate "2014.09.20"]

1. e4 c6 2. d4 d5 3. e5 c5 4. Nf3 Nc6 5. dxc5 e6 6. Be3 Qc7 7. Bb5 Bd7 8. Bxc6
Qxc6 9. Qd4 Rc8 10. b4 Ne7 11. Nh4 h6 12. f4 Rg8 13. g4 b6 14. Nd2 Qa4 15. c3
bxc5 16. bxc5 Qc2 17. Nb3 Nc6 18. Qd2 Qe4 19. O-O g5 20. fxg5 Qxg4+ 21. Ng2 Nxe5
22. Qf2 Bb5 23. Nd4 Bxf1 24. Qxf1 Bxc5 25. Qb5+ Nd7 26. Re1 Bxd4 27. Bxd4 Rxg5
28. Re2 Rb8 29. Qd3 Rb1+ 0-1

[Event "World Youth Boys U18 2014"]
[Site "Durban RSA"]
[Date "2014.09.21"]
[Round "3.30"]
[White "Padayachee, Kenyon"]
[Black "Hackner, Oskar A"]
[Result "0-1"]
[WhiteTitle "CM"]
[WhiteElo "1748"]
[BlackElo "2102"]
[WhiteFideId "14306654"]
[BlackFideId "424188"]
[EventDate "2014.09.20"]

1. e4 e6 2. Nf3 d5 3. e5 c5 4. d4 cxd4 5. Nxd4 Nc6 6. Nf3 Nge7 7. Bd3 Ng6 8. Qe2
Qc7 9. Bxg6 hxg6 10. Nbd2 Nb4 11. O-O Qxc2 12. Nd4 Qd3 13. Qxd3 Nxd3 14. N2f3
Bd7 15. Rd1 Nb4 16. Be3 Be7 17. Rdc1 Nc6 18. Nxc6 Bxc6 19. Nd4 Kd7 20. Rc2 Rac8
21. Rac1 Ba4 22. Rxc8 Rxc8 23. Rxc8 Kxc8 24. Nf3 Kc7 25. Kf1 f6 26. Bf4 Kd7 27.
Ke2 g5 28. Be3 g4 29. Ne1 Bb5+ 30. Kd2 fxe5 31. Bxa7 Kc7 32. b3 b6 33. a4 Bf1
34. Nd3 Bxd3 0-1